000
00339nam a2200145Ia 4500
003
OSt
005
20231209105248.0
008
170524s9999 xx 000 0 und d
020
_a
9788126513345
040
_c
IIMT UNIVERSITY
100
_a
Cohen Daniel IA
245
0
_a
Introduction to Computer Theory
260
_b
Wiley
942
_2
ddc
_c
02
999
_c
5880
_d
5880